Decret sobre l'ecumenisme / (Record no. 52756)

MARC details
000 -LEADER
campo de control de longitud fija 00836nam a2200229 i 4500
001 - NÚMERO DE CONTROL
campo de control 52756
003 - IDENTIFICADOR DE NÚMERO DE CONTROL
campo de control ES-MaACL
005 - FECHA Y HORA DE LA ÚLTIMA TRANSACCIÓN
campo de control 20260130132650.0
007 - CAMPO FIJO DE DESCRIPCIÓN FÍSICA--INFORMACIÓN GENERAL
campo de control de longitud fija t|
008 - DATOS DE LONGITUD FIJA--INFORMACIÓN GENERAL
campo de control de longitud fija 030903s1965 sp ||||1| cat d
111 0# - ENTRADA PRINCIPAL--NOMBRE DE CONGRESO/REUNIÓN
Nombre de congreso/reunión o jurisdicción como elemento de entrada Concilio Vaticano (
Número del congreso/reunión o número de parte o sección 2º.
Fecha del congreso o de la firma del tratado 1962-1965)
9 (RLIN) 122
245 10 - MENCIÓN DEL TÍTULO
Título Decret sobre l'ecumenisme /
Mención de responsabilidad, etc. introducció, Adalbert Mª Franquesa ; traducció Justi Mª Bruguera.
260 ## - PUBLICACIÓN, DISTRIBUCIÓN, ETC.
Lugar de publicación, distribución, etc. Barcelona :
Nombre del editor, distribuidor, etc. Estela,
Fecha de publicación, distribución, etc. 1965.
300 ## - DESCRIPCIÓN FÍSICA
Extensión 76 p. ;
Dimensiones 20 cm.
490 1# - MENCIÓN DE SERIE
Mención de serie Col-leccio "Mens Petri" Documents del Concili Vatica II
650 #4 - PUNTO DE ACCESO ADICIONAL DE MATERIA--TÉRMINO DE MATERIA
Término de materia o nombre geográfico como elemento de entrada Unidad cristiana-
Subdivisión general Iglesia Católica.
9 (RLIN) 156785
700 1# - ENTRADA AGREGADA--NOMBRE PERSONAL
Nombre de persona Franquesa, Adalbert,
Fechas asociadas al nombre 1908-2005
9 (RLIN) 52344
700 1# - ENTRADA AGREGADA--NOMBRE PERSONAL
Nombre de persona Bruguera, Justino.
9 (RLIN) 32104
830 0# - PUNTO DE ACCESO ADICIONAL DE SERIE-TÍTULO UNIFORME
Título uniforme Col-leccio "Mens Petri" Documents del Concili Vatica II
9 (RLIN) 230217
852 ## - LOCALIZACIÓN
Ubicación ES-MaACL
Número de control de estantería C-28788
Sublocalización o colección R.57809
Holdings
Estatus retirado Estado de pérdida Estado de daño No para préstamo Biblioteca de origen Biblioteca actual Ubicación en estantería Fecha de adquisición Fuente de adquisición Total de préstamos Signatura topográfica completa Código de barras Visto por última vez Precio de reemplazo Tipo de ítem Koha
        Biblioteca del Ateneo de Madrid Biblioteca del Ateneo de Madrid Depósito 2 17/01/2008     C-28788 1055447 23/02/2023 23/02/2023 Libro impreso